000 00411 a2200121 4500
001 ART_60082
005 20260410161636.0
008 260409a
245 1 0 _aApuntes para iniciar la implementación del sistema de costos en el sector público nacional no financiero
100 1 _aPeralta, Jorge Alberto
700 1 _aSardi, Jorge Carlos
773 0 _tEnfoques
_g- N° 1 (ene. 2024)
_wREV416
999 _c12933
_d12933